<?xml version="1.0" encoding="UTF-8"?>
<record
    xmlns:xsi="http://www.w3.org/2001/XMLSchema-instance"
    xsi:schemaLocation="http://www.loc.gov/MARC21/slim http://www.loc.gov/standards/marcxml/schema/MARC21slim.xsd"
    xmlns="http://www.loc.gov/MARC21/slim">

  <leader>00990nam a2200289 u 4500</leader>
  <controlfield tag="001">187949</controlfield>
  <controlfield tag="005">20260506081351.0</controlfield>
  <controlfield tag="008">980529s1998       ||||||m|         spa  </controlfield>
  <datafield tag="035" ind1=" " ind2=" ">
    <subfield code="a">187949</subfield>
  </datafield>
  <datafield tag="040" ind1=" " ind2=" ">
    <subfield code="c">comduadb</subfield>
  </datafield>
  <datafield tag="041" ind1=" " ind2=" ">
    <subfield code="a">spa</subfield>
  </datafield>
  <datafield tag="080" ind1=" " ind2=" ">
    <subfield code="a">T</subfield>
  </datafield>
  <datafield tag="080" ind1=" " ind2=" ">
    <subfield code="a">R/CD</subfield>
  </datafield>
  <datafield tag="082" ind1=" " ind2="4">
    <subfield code="a">362</subfield>
  </datafield>
  <datafield tag="245" ind1="1" ind2="0">
    <subfield code="a">Libertad asistida : una opcion de cambio para jovenes infractores-contraventores</subfield>
  </datafield>
  <datafield tag="260" ind1=" " ind2=" ">
    <subfield code="a">Medell&#xED;n :</subfield>
    <subfield code="b">[sin publicador],</subfield>
    <subfield code="c">1998.</subfield>
  </datafield>
  <datafield tag="300" ind1=" " ind2=" ">
    <subfield code="a">233h. il fotografias</subfield>
  </datafield>
  <datafield tag="650" ind1=" " ind2=" ">
    <subfield code="a">Trabajo social con j&#xF3;venes</subfield>
    <subfield code="9">50963</subfield>
  </datafield>
  <datafield tag="650" ind1=" " ind2="7">
    <subfield code="a">Juventud</subfield>
    <subfield code="2">lemb</subfield>
    <subfield code="9">130190</subfield>
  </datafield>
  <datafield tag="650" ind1=" " ind2="7">
    <subfield code="a">Violencia</subfield>
    <subfield code="2">embne</subfield>
    <subfield code="9">32770</subfield>
  </datafield>
  <datafield tag="650" ind1=" " ind2=" ">
    <subfield code="a">Juventud y violencia - Colombia</subfield>
    <subfield code="9">155504</subfield>
  </datafield>
  <datafield tag="650" ind1=" " ind2="7">
    <subfield code="a">Delincuencia juvenil</subfield>
    <subfield code="2">lemb</subfield>
    <subfield code="9">860112</subfield>
  </datafield>
  <datafield tag="700" ind1="1" ind2="0">
    <subfield code="a">Castaneda Alzate, Sandra Liliana</subfield>
    <subfield code="4">aut</subfield>
    <subfield code="e">aut</subfield>
    <subfield code="9">495215</subfield>
  </datafield>
  <datafield tag="700" ind1="1" ind2="0">
    <subfield code="a">Montoya Macias, Gloria Lucia</subfield>
    <subfield code="4">aut</subfield>
    <subfield code="e">aut</subfield>
    <subfield code="9">279469</subfield>
  </datafield>
  <datafield tag="942" ind1=" " ind2=" ">
    <subfield code="c">TESIS</subfield>
  </datafield>
  <datafield tag="999" ind1=" " ind2=" ">
    <subfield code="c">88198</subfield>
    <subfield code="d">88198</subfield>
  </datafield>
  <datafield tag="500" ind1=" " ind2=" ">
    <subfield code="a">Tesis (Especialista en Gerencia del Desarrollo Social). Universidad de Antioquia - T&#xED;tulo del grado otorgado</subfield>
  </datafield>
  <datafield tag="952" ind1=" " ind2=" ">
    <subfield code="0">0</subfield>
    <subfield code="1">0</subfield>
    <subfield code="4">0</subfield>
    <subfield code="7">0</subfield>
    <subfield code="8">TESISBC</subfield>
    <subfield code="a">BC</subfield>
    <subfield code="b">BC</subfield>
    <subfield code="d">1998-05-29</subfield>
    <subfield code="e">Material adquirido por donaci&#xF3;n</subfield>
    <subfield code="i">C260090</subfield>
    <subfield code="l">0</subfield>
    <subfield code="o">362.7 E82l</subfield>
    <subfield code="p">61000002685614</subfield>
    <subfield code="r">2023-04-22 00:00:00</subfield>
    <subfield code="t">1</subfield>
    <subfield code="w">2023-04-22</subfield>
    <subfield code="y">TESIS</subfield>
  </datafield>
  <datafield tag="952" ind1=" " ind2=" ">
    <subfield code="0">0</subfield>
    <subfield code="1">0</subfield>
    <subfield code="4">0</subfield>
    <subfield code="7">0</subfield>
    <subfield code="8">GENERAL</subfield>
    <subfield code="a">CISH</subfield>
    <subfield code="b">CISH</subfield>
    <subfield code="d">2007-08-14</subfield>
    <subfield code="i">C960128</subfield>
    <subfield code="l">0</subfield>
    <subfield code="o">T-02829</subfield>
    <subfield code="p">0620422</subfield>
    <subfield code="r">2023-04-22 00:00:00</subfield>
    <subfield code="t">2</subfield>
    <subfield code="w">2023-04-22</subfield>
    <subfield code="y">TESIS</subfield>
  </datafield>
  <datafield tag="952" ind1=" " ind2=" ">
    <subfield code="0">0</subfield>
    <subfield code="1">0</subfield>
    <subfield code="4">0</subfield>
    <subfield code="7">0</subfield>
    <subfield code="8">DIGITAL</subfield>
    <subfield code="a">CISH</subfield>
    <subfield code="b">CISH</subfield>
    <subfield code="d">2018-10-08</subfield>
    <subfield code="e">Material adquirido por donaci&#xF3;n</subfield>
    <subfield code="i">C1297244</subfield>
    <subfield code="l">0</subfield>
    <subfield code="o">R/CD-05034</subfield>
    <subfield code="r">2023-04-22 00:00:00</subfield>
    <subfield code="t">3</subfield>
    <subfield code="w">2023-04-22</subfield>
    <subfield code="y">TESIS</subfield>
  </datafield>
</record>
